Normal view
MARC view
Entry Personal Name
001 - CONTROL NUMBER
- control field: 253796
003 - CONTROL NUMBER IDENTIFIER
- control field: OSt
005 - DATE AND TIME OF LATEST TRANSACTION
- control field: 20260206102456.0
008 - FIXED-LENGTH DATA ELEMENTS
- fixed length control field: 260206|| aca||aabn | a|a d
040 ## - CATALOGING SOURCE
- Original cataloging agency: OSt
- Transcribing agency: OSt
100 ## - HEADING--PERSONAL NAME
- Personal name: Maugham W Somerset
670 ## - SOURCE DATA FOUND
- Source citation: Work cat.: (OSt)89791: Maugham W Somerset, Of human bondage, 1972